000 00377nam a2200157Ia 4500
999 _c31210
_d31210
003 OSt
005 20250726102051.0
008 250310s9999||||xx |||||||||||||| ||und||
040 _c.
082 _a823
_bM1631
100 _95979
_aMaclean, Alistair
245 0 _aHostage Tower /
_cAlistair Maclean
260 _aGlasgow,
_bFontana,
_c1980.
300 _a191 p.
942 _cBK
_2ddc